Manual of steel construction : (Record no. 550625)
[ view plain ]
| 000 -LEADER | |
|---|---|
| fixed length control field | 01010mam a2200241 a 4500 |
| 020 ## - INTERNATIONAL STANDARD BOOK NUMBER | |
| International Standard Book Number | 1564240002 |
| 082 ## - DEWEY DECIMAL CLASSIFICATION NUMBER | |
| Classification number | 624.1821 |
| Author Mark | CON |
| -- | N-01, P-89 |
| 110 2# - MAIN ENTRY--CORPORATE NAME | |
| Corporate name or jurisdiction name as entry element | American Institute of Steel Construction. |
| 9 (RLIN) | 20072 |
| 245 10 - TITLE STATEMENT | |
| Title | Manual of steel construction : |
| Remainder of title | allowable stress design. |
| 250 ## - EDITION STATEMENT | |
| Edition statement | 9th ed. rev. |
| 260 ## - PUBLICATION, DISTRIBUTION, ETC. | |
| Place of publication, distribution, etc. | Chicago, Ill. : |
| Name of publisher, distributor, etc. | American Institute of Steel Construction, |
| Date of publication, distribution, etc. | c1991. |
| 300 ## - PHYSICAL DESCRIPTION | |
| Extent | various pagings : |
| Other physical details | ill. ; |
| Dimensions | 24 cm. |
| 500 ## - GENERAL NOTE | |
| General note | In Part 1, domestic availability of W shapes has been updated.; In Part 4, design procedure for column base plates has been revised. |
| 500 ## - GENERAL NOTE | |
| General note | On spine: Steel construction manual, A S D. |
| 500 ## - GENERAL NOTE | |
| General note | Originally published in 1926 under title: Steel construction. |
| 526 ## - STUDY PROGRAM INFORMATION NOTE | |
| Program name | 0 |
| Interest level | 0 |
| Reading level | 0 |
| Title point value | 624_182100000000000_CON |
| 526 ## - STUDY PROGRAM INFORMATION NOTE | |
| Program name | 0 |
| Interest level | 0 |
| Reading level | 0 |
| Title point value | 624_182100000000000_CON |
| 650 #0 - SUBJECT ADDED ENTRY--TOPICAL TERM | |
| Topical term or geographic name entry element | Building, Iron and steel |
| 650 #0 - SUBJECT ADDED ENTRY--TOPICAL TERM | |
| Topical term or geographic name entry element | NUST |
| 9 (RLIN) | 6342 |
| 650 #0 - SUBJECT ADDED ENTRY--TOPICAL TERM | |
| Topical term or geographic name entry element | Steel, Structural |
| 650 #0 - SUBJECT ADDED ENTRY--TOPICAL TERM | |
| Topical term or geographic name entry element | Steel, Structural |
| General subdivision | Specifications |
| Geographic subdivision | United States. |
| 9 (RLIN) | 20075 |
| 942 ## - ADDED ENTRY ELEMENTS (KOHA) | |
| Source of classification or shelving scheme | |
| Koha item type | Book |
| Withdrawn status | Lost status | Source of classification or shelving scheme | Damaged status | Not for loan | Permanent Location | Current Location | Date acquired | Total Checkouts | Full call number | Barcode | Date last seen | Price effective from | Koha item type |
|---|---|---|---|---|---|---|---|---|---|---|---|---|---|
| Military College of Engineering (MCE) | Military College of Engineering (MCE) | 11/17/2014 | 624.1821 CON | MCE-36426 | 11/17/2014 | 11/17/2014 | Book | ||||||
| Military College of Engineering (MCE) | Military College of Engineering (MCE) | 11/17/2014 | 624.1821 CON | MCE-42868 | 11/17/2014 | 11/17/2014 | Book |
